| 000 | 01112nam a2200325 a 4500 | ||
|---|---|---|---|
| 001 | 2956728 | ||
| 003 | OSt | ||
| 005 | 20170105101157.0 | ||
| 008 | 910808s1990 ii a b 101 0 eng | ||
| 010 | _a 90906677 | ||
| 020 |
_a8171002595 : _cRs300.00 |
||
| 025 | _aI E 63458 | ||
| 040 |
_aDLC _cDLC _dDLC |
||
| 043 | _aa-ii--- | ||
| 050 | 0 | 0 |
_aHN690.Z9 _bC66366 1990 |
| 245 | 0 | 0 |
_aManagement of rural development / _cedited by B.S. Bhatia, Prem Kumar, A.S. Chawla. |
| 260 |
_aNew Delhi : _bDeep & Deep Publications, _cc1990. |
||
| 300 |
_axv, 320 p. : _bill. ; _c22 cm. |
||
| 500 | _aSeminar papers in the Indian context with partial reference to Punjab. | ||
| 500 | _aIncludes index. | ||
| 504 | _aIncludes bibliographical references. | ||
| 650 | 0 |
_aRural development _zIndia _xCongresses. |
|
| 650 | 0 |
_aRural development _zIndia _zPunjab _xCongresses. |
|
| 700 | 1 | _aBhatia, B. S. | |
| 700 | 1 | _aKumar, Prem. | |
| 700 | 1 |
_aChawla, A. S. _q(Arvinder Singh) |
|
| 906 |
_a7 _bcbc _corignew _d4 _encip _f19 _gy-gencatlg |
||
| 942 |
_2ddc _cBK |
||
| 999 |
_c2626 _d2626 |
||